Sans frontières; T2: Méthode de francais

Đã lưu trong:
书目详细资料
主要作者: Philippe Dominique
格式: 图书
语言:Undetermined
出版: Tp. HCM Trẻ 1992
主题:
标签: 添加标签
没有标签, 成为第一个标记此记录!
Thư viện lưu trữ: Trung tâm Học liệu Trường Đại học Cần Thơ
LEADER 00519nam a2200169Ia 4500
001 CTU_545
008 210402s9999 xx 000 0 und d
082 |a 448.07 
082 |b S229/T2 
100 |a Philippe Dominique 
245 0 |a Sans frontières; T2: Méthode de francais 
245 0 |c Philippe Dominique, Michel Verdelhan, Michèle Verdelhan 
260 |a Tp. HCM 
260 |b Trẻ 
260 |c 1992 
650 |a french language - study and teaching 
980 |a Trung tâm Học liệu Trường Đại học Cần Thơ